| 000 | 011840000a22003250004500 | ||
|---|---|---|---|
| 999 |
_c45203 _d45203 |
||
| 001 | 18797 | ||
| 003 | CO-MdFUSB | ||
| 005 | 20190202100515.0 | ||
| 008 | 170928t20112013ck ||||| |||| 00| 0 spa d | ||
| 020 | _a978-958-57182-0-3 | ||
| 040 |
_aCO-MdFUSB _bspa _cCO-MdFUSB _dCO-MdFUSBC _erda |
||
| 041 | 0 | _aspa | |
| 082 |
_223 _a248.2 _bC268j |
||
| 100 | 1 |
_aCardona, Diego _eautor |
|
| 245 | 1 | 0 |
_aRefranes que cambian vidas _b: sabiduría de Dios en los proverbios bíblicos _c/ Diego Cardona |
| 264 | 1 |
_aColombia : _b Poiema Publicaciones, _c[2011] |
|
| 264 | 4 | _c©2011 | |
| 300 |
_a123 páginas : _c20 cm. _b: |
||
| 336 |
_2rdacontent _atexto _btxt |
||
| 337 |
_2rdamedia _asin mediación _bn |
||
| 338 |
_2rdacarrier _avolumen _bnc |
||
| 501 | _arústico | ||
| 505 | 0 | 1 | _aíRefranes para escribir en el libro del corazón! -- ¿Por qué son importantes los Proverbios bíblicos? -- Hábitos: íMás que valores y principios! -- Los cinco hábitos de una vida sabia -- íUno más grande que Salomón! |
| 563 | _apasta dura | ||
| 630 | 0 | 7 |
_aBiblia. _pProverbios |
| 650 | 0 |
_aTeología práctica _9180 |
|
| 650 | 0 |
_919 _aVida cristiana |
|
| 650 | 0 |
_aVida espiritual _951 |
|
| 942 | _cBK | ||